Loading...
| Science - Other | 0 | 6 | 0 | 0 | 60 | 13 | 82.17 | 1 | 4 | 0.00 | 0.00 |
| Science - Physics | 0 | 6 | 2 | 3 | 50 | 62 | 109.83 | 0 | 5 | 0.00 | 0.00 |
| Literature - World | 0 | 4 | 0 | 2 | 40 | 102 | 126.75 | 0 | 2 | 0.00 | 0.00 |
| Science - Biology | 0 | 3 | 0 | 0 | 30 | 59 | 84.67 | 0 | 3 | 0.00 | 0.00 |
| Fine Arts - Classical Music | 0 | 2 | 0 | 0 | 20 | 125 | 130.00 | 0 | 0 | 0.00 | 0.00 |
| Science - Chemistry | 0 | 2 | 1 | 1 | 15 | 108 | 111.50 | 1 | 2 | 0.00 | 0.00 |
| Social Science | 0 | 1 | 1 | 1 | 5 | 125 | 125.00 | 0 | 1 | 0.00 | 0.00 |
| Religion | 0 | 1 | 2 | 1 | 0 | 129 | 129.00 | 0 | 0 | 0.00 | 0.00 |
| Philosophy | 0 | 0 | 1 | 0 | -5 | 0.00 | 0 | 0 | 0.00 | 0.00 | |
| Fine Arts - Other | 0 | 0 | 1 | 0 | -5 | 0.00 | 0 | 0 | 0.00 | 0.00 |